000 00541nam a2200181Ia 4500
003 GCL
008 140319s9999 xx 000 0 eng d
020 _a1567995853
040 _aGCL /
_cGCL
082 0 4 _aCC
_b932
_bR C
100 1 _aROBERTS, TIMOTHY ROLAND
245 1 0 _aGIFT OF THE NILE :
_bCHRONICLES OF ANCIENT EGYPT /
_cROBERTS, TIMOTHY ROLAND
260 _aنيويورك :
_bMETRO BOOKS ،
_c1999
300 _a176 P
_bILL. ؛
_c30 cm.
650 0 4 _aEGYPT - ANTIQUITIES
650 0 4 _aEGYPT - HISTORY - TO 332 B.C
942 _2ddc
_cBK
999 _c2964
_d2964